MARC

LEADER 00000nam0a2200000 4500
001 45480
005 20231101210944.0
010 |a 5942320144 
035 |a (RuTPU)RU\TPU\book\47331 
090 |a 45480 
100 |a 20021210d2001 k y0rusy50 ca 
101 1 |a rus  |c fre 
102 |a RU 
105 |a y z 000zy 
200 1 |a История израильского народа  |e пер. с фр.  |e В 2-х кн.  |f Ж. Э. Ренан  |g Под ред. С. М. Дубнова, С. Г. Лозинского, И. З. Берлина 
210 |a Москва  |c Изд-во В. Шевчук  |d 2001 
215 |a 808 с. 
610 1 |a история 
610 1 |a Израиль 
610 1 |a семиты 
610 1 |a израильтяне 
610 1 |a войны 
610 1 |a Иерусалим 
610 1 |a быт 
610 1 |a литература 
610 1 |a Иудейское царство 
610 1 |a Вавилон 
610 1 |a персидское владычество 
610 1 |a римское владычество 
610 1 |a Древний мир 
610 1 |a античность 
610 1 |a иудейская автономия 
686 |a Т3(5Изр)  |v LBC/SL-A  |2 rubbk 
700 1 |a Ренан  |b Ж. Э.  |c французский писатель  |f 1823-1892  |g Жозеф Эрнест  |2 stltpush  |3 (RuTPU)RU\TPU\pers\719  |9 332 
702 1 |a Дубнов  |b С. М.  |4 340 
702 1 |a Лозинский  |b С. Г.  |4 340 
702 1 |a Берлин  |b И. З.  |4 340 
801 1 |a RU  |b 63413507  |c 20021210  |g PSBO 
801 2 |a RU  |b 63413507  |c 20190116  |g PSBO 
942 |c BK